| 000 | 02296nam0a2200349 4500 | ||
|---|---|---|---|
| 001 | RU\NLR\BIBL_A\012699195 | ||
| 005 | 20220408164442.0 | ||
| 010 |
_a978-5-00149-659-5 _950 |
||
| 021 |
_aRU _bКН-П-21-069537 _9КН-П-21-5510 |
||
| 035 | _a(NLR Aleph) 012699195 | ||
| 035 | _a(RuMoRGB)010829841 | ||
| 090 |
_a12872512 _c12872512 |
||
| 100 | _a20220202d2021 u y0rusy50 ca | ||
| 101 | 0 | _arus | |
| 102 | _aRU | ||
| 105 | _aac z 000zy | ||
| 181 | 0 |
_ai3 _baxxe |
|
| 182 | 1 | _an | |
| 200 | 1 |
_aПрофайлинг, или Женщина, которая лжет _fУльяна Карагезьян |
|
| 203 |
_aТекст _bвизуальный _cнепосредственный |
||
| 210 |
_aМосква _cЭдитус _d2021 |
||
| 215 |
_a235 с. _cил., табл., цв. ил., портр. _d25 |
||
| 330 | _aИменно после этой работы, о которой вы сможете дальше прочитать в этой книге, меня стали называть "Wonder Woman", той самой Удивительной Женщиной, которая послужила прототипом к созданию знаменитых голливудских фильмов. Именно этот образ придумал Уильям Моултон Марстон в ответ на своих ранее созданных известных героев - Супермэна, Бэтмэна и Капитана Америка. Этот образ хорошей и красивой женщины способствовал глобальной психической революции, оставив позади закрытость, формализм и войну, через силу любви и понимания ближнего. К чему я и призываю, когда делюсь навыками распознавания лжи | ||
| 517 | 1 | _aЖенщина, которая лжет | |
| 606 | 1 |
_aЛожь (психол.) _jПопулярные издания _2nlr_sh1 _2nlr_sh2 _3RU\NLR\AUTH\66679904 |
|
| 686 | 1 | _aЮ936.2-81я9 | |
| 686 | 1 | _aС550.35я9 | |
| 700 | 1 |
_aКарагезьян _bУ. _gУльяна |
|
| 942 | _cBOOK | ||
| 980 | _aNB | ||